01236nam a22001937a 450000500170000000800410001702000180005804000070007604100080008308200200009110000200011124500510013126000480018230000240023036500620025452006730031665000260098970000270101520230929124517.0230920b ||||| |||| 00| 0 eng d a9788195821051 cAL aeng 223a338.9bSHAG aNarendra Sharma aGreen technologies for sustainable development aNew DelhibDiscovery Publishing Housec2023 a176p.bHBc24x15cm. 2Generala07b₹1095.00c₹d₹1500.00e27%f19/08/2023 aOver many decades of implementation, we have learned that environmental protection can never be sufficiently developed and promoted. Because the world is currently coping with increasingly critical environmental concerns, it is imperative that we intensify our efforts to promote and enhance environmental protection. This book has been arranged for young researchers from various universities and colleges in accordance with the most recent developments in green technologies. We are confident that new edition of the book will be more valuable to all researchers who have been involved in scientific study given the latest information on many elements of sciences.  2EconomicsaProduction aSwami, Abhishek; et.al